000
00311nam a22001457a 4500
008
210309b ||||| |||| 00| 0 eng d
020
_a
9781851686520
041
_a
eng
080
_a
2
082
_a
2
100
_a
24
101
_a
TEO
245
_a
The Enlightenment Qur'an
_c
Elmarsafy,Z
942
_2
udc
_c
BK
999
_c
56035
_d
56035